| 000 | 00474cam a2200157 p 4500 | ||
|---|---|---|---|
| 082 | 0 | 0 |
_a624.152 _bGUS _cL-07, P-13 |
| 100 | 1 |
_aGustafsson, Rune. _942601 |
|
| 245 | 1 | 0 |
_aSwedish blasting technique / _cby Rune Gustafsson. |
| 260 |
_aGothenburg : _bSPI [(box 20)], _c1973. |
||
| 300 |
_a328 p. : _bill. ; _c24 cm. |
||
| 526 |
_a0 _b0 _c0 _d624_152000000000000_GUS |
||
| 650 | 0 |
_aBlasting. _926995 |
|
| 650 | 0 |
_aEngineering _zSweden. _942602 |
|
| 650 | 0 |
_aMCE _9379 |
|
| 942 |
_2ddc _cBK |
||
| 999 |
_c546466 _d546466 |
||